00239 a2200109 4500001000700000020000600007040001100013100002500024240003800049245003300087362000900120165400 a  cMagnum aKawamoto, Emilia Emi10aAnatomia e fisiologia humanalpor10aAnatomia e fisiologia humana0 a1899